00664nam a2200193 a 450000100100000000500170001000800410002704000250006808200160009311000610010924500200017026000530019030000210024350000300026450400280029404900090032295201220033199900170045300002725120240307073950.0110330s1967 dr 000 0 spa d aDO-SdBNPbspacBNPHU axxxxbR426p1 aRepública Dominicana.b Junta Central Electoral96460510aProyecciones 7. aSanto Domingo :bJunta Central Electoral,c1967. a187 p. ;c17 cm. aIncluye proyecciones 7-10 aBibliografía : p. 183 aBNPD 00102ddc56708SEaPDbPDcREd2011-03-30iLF1l0oxxxx R426pp27251-10r2020-06-25w2020-06-25yLFPDZNo se presta c26743d26743